000 00444nam a2200181Ia 4500
001 13464
005 20260306164803.0
008 260306t2008||||xx |||||||||||||| ||spa||
041 _aESP
082 _a004.21
_bW54
100 _aWhitten,Jeffrey L.
_eAUT
245 0 _aAnálisis de sistemas:
_bdiseño y métodos
260 _c2008
300 _axiv, 569 páginas :
_c27 cm.
650 _aGEN
654 _aCCC
942 _cLIB
_dJUS
_fJUS
_2ddc
_n
999 _c13464
_d13464